Письмо [Александра Илларионовича Васильчикова] к начальнику Главного штаба Федору Лонгиновичу Гейдену с препровождением выписок ...

Доступно только в Электронных читальных залах Найти на картеНа карте
RUSMARC
00003671nmc2a2200000 x 450
001a6b2933c-5457-471b-8633-390022f623d4
00520151218144545.0
100##$a20150907l18761876k l0rusy0189 ca
1010#$arus
102##$aRU
2001#$aПисьмо [Александра Илларионовича Васильчикова] к начальнику Главного штаба Федору Лонгиновичу Гейдену с препровождением выписок из телеграмм (копий) генерал-майора Виктора Дезидорневича Дандевиля из Белграда о "беспорядках", учиняемых ротмистром уланского Волынского полка Петром Александровичем Кузьминским
$jдекабрь 1876 г.
251##$cДело
300##$aДело
801#0$aRU
$bРГИА
$c20150907
$gRCR
801#1$aRU
$bГлавНИВЦ
$c20150907
$2rusmarc
801#2$aRU
$bПБ им. Б.Н. Ельцина
$c20151218
$gRCR
$2rusmarc
850##$aРГИА
852##$aРГИА
$eФедеральное казенное учреждение "Российский государственный исторический архив" (РГИА)
$j836
937##$hРГИА
$d12147720
$aASBIBLIO_SCAN
462#0$1001822e29f6-cf5c-4253-b938-c1de610979e5
$12001
$aАрхив князей Васильчиковых. 1706-1917 гг.
$1251
$cОпись
$1852
$j1
461#0$1001f72a1ecb-9a9a-44e3-87ff-4a647e6521fe
$12001
$aВасильчиковы, князья
$1251
$cФонд
$1852
$j651
215##$a2 л.
$d23,3х30,2 см
371##$aДокумент не является опубликованным и широко распространяемым
105##$ay###
1220#$ad
035##$aa6b2933c-5457-471b-8633-390022f623d4
Формат отображения